000
00360nam a2200157Ia 4500
008
220923s9999 xx 000 0 und d
020
_a
978-81-8038-685-5
082
_b
THA
100
_a
THAKKER, C.K.
245
0
_a
CRIMINAL PROCEDURE
250
_a
3RD
260
_b
LEXIS NEXIS, GURGAON
_c
2013
300
_a
471
650
_a
Criminal Law
942
_c
BK
999
_c
195208
_d
195208